[Event "Superettan(Kristallen-Manhem)"]
[Site "?"]
[Date "2019.03.30"]
[Round "8"]
[White "Andersson, Goran L"]
[Black "Boe, Mads"]
[Result "1-0"]
[WhiteElo "2249"]
[BlackElo "2302"]
[PlyCount "79"]
[EventDate "2019.??.??"]
1. d4 f5 2. Nf3 Nf6 3. g3 e6 4. Bg2 Be7 5. O-O O-O 6. c4 d6 7. b3 Qe8 8. Nc3
Nc6 9. d5 Nd8 10. dxe6 Nxe6 11. Nd5 Bd8 12. Bb2 Ne4 13. e3 a5 14. a3 N4c5 15.
Qc2 c6 16. Nc3 Bc7 17. b4 Na6 18. Qb3 Bd7 19. Ne2 Qf7 20. Rad1 Rab8 21. Bc3
axb4 22. axb4 Nd8 23. Qb2 Re8 24. Ng5 Qe7 25. h4 Ne6 26. Nxe6 Bxe6 27. Rd4 Bb6
28. Rf4 Bc7 29. Nd4 g6 30. h5 Bd8 31. hxg6 hxg6 32. Rh4 Qf7 33. Rh2 Kf8 34.
Nxe6+ Qxe6 35. Bf3 Nc7 36. Kg2 Re7 37. Rh8+ Kf7 38. Rfh1 Qxc4 39. Bf6 Rd7 40.
Bxd8 1-0

[Event "Superettan(Burgsvik-Vaxjo)"]
[Site "?"]
[Date "2019.03.30"]
[Round "8"]
[White "Christiansen, Johan-Sebastian"]
[Black "Haitin, Ilja"]
[Result "1-0"]
[WhiteElo "2559"]
[BlackElo "2294"]
[PlyCount "79"]
1. e4 e6 2. d4 d5 3. Nc3 Nf6 4. Bg5 Bb4 5. e5 h6 6. Bd2 Bxc3 7. bxc3 Ne4 8. Bc1
c5 9. Ne2 Qa5 10. f3 Nxc3 11. Qd2 cxd4 12. Nxd4 Qc7 13. Bb2 Qxe5+ 14. Kf2 Na4
15. Bb5+ Bd7 16. Bxa4 Bxa4 17. Qb4 Bd7 18. Nxe6 Qxe6 19. Rhe1 Nc6 20. Rxe6+
fxe6 21. Qg4 O-O-O 22. Qxg7 Rhg8 23. Qxh6 e5 24. Rd1 d4 25. c3 Rh8 26. Qc1 d3
27. Rxd3 e4 28. fxe4 Ne5 29. Rd5 Ng4+ 30. Kg1 Rxh2 31. c4 Rh6 32. Qf4 Rg6 33.
Bd4 b6 34. c5 Rdg8 35. cxb6 axb6 36. Rd6 Nf6 37. Rxf6 Rxg2+ 38. Kh1 R8g3 39.
Rf8+ Kb7 40. Qb8+ 1-0

[Event "Superettan(Kristallen-Manhem)"]
[Site "?"]
[Date "2019.03.30"]
[Round "8"]
[White "Welin, Mats"]
[Black "Walinder, Lars"]
[Result "0-1"]
[WhiteElo "2328"]
[BlackElo "2258"]
[PlyCount "58"]
[EventDate "2019.??.??"]
1. e4 e6 2. d4 d5 3. Nc3 Nf6 4. e5 Nfd7 5. f4 c5 6. Nf3 Nc6 7. Be3 Be7 8. Qd2
O-O 9. dxc5 Nxc5 10. O-O-O Qc7 11. Qf2 b6 12. Nd4 Bb7 13. Nxc6 Bxc6 14. Bd4 f5
15. exf6 Bxf6 16. Qe3 Rae8 17. Bb5 Qd7 18. Bxc6 Qxc6 19. Rhe1 Bxd4 20. Qxd4 Rc8
21. g3 Rf7 22. Rd2 b5 23. Re5 a5 24. f5 b4 25. fxe6 Nxe6 26. Rxe6 Qxe6 27. Nxd5
Rf1+ 28. Rd1 Rxd1+ 29. Qxd1 Rd8 0-1

[Event "Superettan(Burgsvik-Vaxjo)"]
[Site "?"]
[Date "2019.03.30"]
[Round "8"]
[White "Krupenski, Juri"]
[Black "Solodovnichenko, Yuri"]
[Result "1/2-1/2"]
[WhiteElo "2418"]
[BlackElo "2574"]
[PlyCount "36"]
1. d4 d5 2. c4 e6 3. Nf3 c6 4. Nbd2 f5 5. g3 Nf6 6. Bg2 Nbd7 7. b3 Bd6 8. Bb2
Ne4 9. O-O O-O 10. Ne5 Nxd2 11. Qxd2 Nxe5 12. dxe5 Bc5 13. Rac1 Qe7 14. cxd5
exd5 15. Bd4 Ba3 16. Bb2 Bc5 17. Bd4 Ba3 18. Bb2 Bc5 1/2-1/2

[Event "Superettan(Kristallen-Manhem)"]
[Site "?"]
[Date "2019.03.30"]
[Round "8"]
[White "Olsen, Filip Boe"]
[Black "Naslund, Mikael"]
[Result "1-0"]
[WhiteElo "2359"]
[BlackElo "2188"]
[PlyCount "67"]
[EventDate "2019.??.??"]
1. d4 d5 2. c4 e6 3. Nc3 Bb4 4. e3 Nf6 5. a3 Bxc3+ 6. bxc3 c5 7. cxd5 exd5 8.
Bd3 O-O 9. Ne2 Bg4 10. f3 Bh5 11. Nf4 Bg6 12. Nxg6 hxg6 13. O-O Re8 14. Ra2 Nc6
15. Re2 Qb6 16. Qa4 Rac8 17. Bb2 Rcd8 18. Kh1 a6 19. Rfe1 Qc7 20. Qd1 g5 21.
Bb1 b5 22. Qd3 g6 23. e4 dxe4 24. fxe4 Qf4 25. g3 Qg4 26. Rf2 c4 27. Qf3 Qxf3+
28. Rxf3 Nd7 29. e5 g4 30. Rf4 f5 31. h3 gxh3 32. g4 fxg4 33. Rxg4 Nf8 34. Bxg6
1-0

[Event "Superettan(Burgsvik-Vaxjo)"]
[Site "?"]
[Date "2019.03.30"]
[Round "8"]
[White "Rydstrom, Tom"]
[Black "Linusson, Pelle"]
[Result "1-0"]
[WhiteElo "2310"]
[BlackElo "2216"]
[PlyCount "67"]
1. e4 c5 2. Nf3 e6 3. d4 cxd4 4. Nxd4 Nc6 5. Nb5 d6 6. Bf4 e5 7. Be3 Nf6 8. Bg5
Be6 9. Nd2 a6 10. Nc3 Rb8 11. Nc4 b5 12. Bxf6 gxf6 13. Ne3 Bh6 14. Bd3 Rg8 15.
O-O Ne7 16. Kh1 Rg6 17. a4 b4 18. Ncd5 a5 19. Qe2 Kf8 20. Rad1 Bxe3 21. Nxe3
Rg5 22. Bc4 Rb6 23. f4 exf4 24. Rxf4 Ng6 25. Rf2 Kg7 26. Rdf1 Ne5 27. Rxf6 Nxc4
28. Nxc4 Rc6 29. Qd2 Qxf6 30. Rxf6 Kxf6 31. Nxd6 Rgc5 32. Qd4+ Kg6 33. Ne8 Rxc2
34. Qg7+ 1-0

[Event "Superettan(Kristallen-Manhem)"]
[Site "?"]
[Date "2019.03.30"]
[Round "8"]
[White "Hansson, Fredrik"]
[Black "Storme, Isak"]
[Result "0-1"]
[WhiteElo "2178"]
[BlackElo "2271"]
[PlyCount "66"]
[EventDate "2019.??.??"]
1. e4 e5 2. Nf3 Nc6 3. Bb5 g6 4. c3 a6 5. Ba4 Bg7 6. O-O Nge7 7. d4 exd4 8.
cxd4 b5 9. Bb3 O-O 10. Nc3 d6 11. h3 Na5 12. Bc2 c5 13. Bg5 h6 14. Bh4 g5 15.
Bg3 Nc4 16. b3 Na3 17. Rc1 g4 18. hxg4 Bxg4 19. Ne2 Nc6 20. e5 dxe5 21. dxc5 f5
22. Bh4 Qe8 23. Re1 Nb4 24. Bb1 Bxf3 25. gxf3 Qg6+ 26. Kf1 Nxb1 27. Rxb1 Qh5
28. Be7 Rf7 29. Ng3 Qh3+ 30. Ke2 f4 31. Ne4 Rxe7 32. Qd6 Qe6 33. a3 Nc6 0-1

[Event "Superettan(Burgsvik-Vaxjo)"]
[Site "?"]
[Date "2019.03.30"]
[Round "8"]
[White "Andersson, Tommy"]
[Black "Alle Wahlin, Ambjorn"]
[Result "0-1"]
[WhiteElo "2407"]
[BlackElo "2231"]
[PlyCount "86"]
[EventDate "2019.??.??"]
1. d4 d5 2. c4 c6 3. cxd5 cxd5 4. Nf3 Nf6 5. Nc3 Nc6 6. Bf4 a6 7. e3 Bg4 8. Be2
e6 9. O-O Bd6 10. Ne5 Bxe2 11. Qxe2 Rc8 12. Bg3 Ne7 13. h3 Bb4 14. Nb1 Nf5 15.
Bh2 O-O 16. a3 Ba5 17. b4 Bc7 18. Nd2 Nd7 19. Rac1 Nxe5 20. dxe5 Bb6 21. g4 Ne7
22. e4 Qd7 23. exd5 Qxd5 24. Nc4 Ba7 25. Nd6 Rxc1 26. Rxc1 Nc6 27. Rc3 f6 28.
exf6 Rxf6 29. Bg3 Rf8 30. Qe4 Bxf2+ 31. Bxf2 Qxd6 32. Rd3 Qf4 33. Qxe6+ Kh8 34.
Qe3 Qf7 35. Rd2 Re8 36. Qb6 h6 37. Kg2 Qe7 38. Qc5 Qe4+ 39. Kg3 Ne5 40. Qc3 Rf8
41. Qd4 Qh1 42. Rd3 Nf3 43. Qd5 Qh2# 0-1

[Event "Superettan(Kristallen-Manhem)"]
[Site "?"]
[Date "2019.03.30"]
[Round "8"]
[White "Landgren, Philip"]
[Black "Lindh, Fredrik"]
[Result "0-1"]
[WhiteElo "2267"]
[BlackElo "2244"]
[PlyCount "66"]
1. Nf3 Nf6 2. c4 g6 3. b4 Bg7 4. Bb2 O-O 5. g3 a5 6. b5 c6 7. Bg2 d5 8. Na3
dxc4 9. bxc6 Nxc6 10. Nxc4 Be6 11. Nce5 Nxe5 12. Bxe5 Bd5 13. O-O b5 14. d3 Qb6
15. e4 Bb7 16. Qb3 Rfd8 17. a4 b4 18. Rad1 Ne8 19. Bxg7 Nxg7 20. d4 Rac8 21.
Ng5 e6 22. d5 Rc3 23. Qb2 h6 24. Nh3 e5 25. Kh1 Ba6 26. Rfe1 Ne8 27. f4 Nd6 28.
fxe5 Nc4 29. Qb1 Nxe5 30. Nf4 Ng4 31. h3 Nf2+ 32. Kh2 Nxd1 33. Qxd1 Qf2 0-1

[Event "Superettan(Burgsvik-Vaxjo)"]
[Site "?"]
[Date "2019.03.30"]
[Round "8"]
[White "Lindberg, Bengt"]
[Black "Larsson, Victor"]
[Result "1-0"]
[WhiteElo "2390"]
[BlackElo "2201"]
[PlyCount "67"]
1. e4 c5 2. Nf3 Nc6 3. d4 cxd4 4. Nxd4 g6 5. c4 Nf6 6. Nc3 d6 7. Nc2 Bg7 8. Be2
Nd7 9. Bd2 Nc5 10. O-O O-O 11. b4 Ne6 12. Rc1 a5 13. a3 axb4 14. axb4 Bd7 15.
Nd5 Ncd4 16. Nxd4 Nxd4 17. Bg5 Re8 18. Bg4 Ra2 19. Kh1 Be6 20. Bxe6 fxe6 21.
Nc3 Rb2 22. Be3 Nc6 23. b5 Ne5 24. Bd4 Rb4 25. Na2 Rxc4 26. Rxc4 Nxc4 27. Bxg7
Kxg7 28. Qd4+ Ne5 29. f4 Qa5 30. fxe5 Qxa2 31. exd6+ Kg8 32. d7 Rd8 33. Kg1 Qa3
34. Qb6 1-0

[Event "Superettan(Kristallen-Manhem)"]
[Site "?"]
[Date "2019.03.30"]
[Round "8"]
[White "Persson, Andreas"]
[Black "Lundstrom, Mattias"]
[Result "1-0"]
[WhiteElo "2107"]
[BlackElo "2160"]
[PlyCount "76"]
1. d4 d5 2. Nc3 Nf6 3. Bf4 e6 4. e3 b6 5. a3 Bb7 6. Nf3 a6 7. Ne5 c5 8. g4 Nc6
9. Bg2 cxd4 10. exd4 Nxe5 11. Bxe5 Bd6 12. O-O Bxe5 13. dxe5 Nd7 14. f4 Qc7 15.
Qd2 O-O-O 16. Rae1 Rde8 17. Ne2 g5 18. Nd4 gxf4 19. Qxf4 f6 20. Nf3 Rhf8 21.
Qe3 fxe5 22. Nxe5 Rxf1+ 23. Bxf1 Nxe5 24. Qxe5 Qxc2 25. Re3 Qa4 26. Rc3+ Bc6
27. Qg7 e5 28. b4 Kb8 29. Qf6 Bb7 30. Qxb6 Qd7 31. Bxa6 Qxg4+ 32. Rg3 Qd7 33.
Bxb7 Qxb7 34. Qd6+ Ka7 35. Kf2 Qb6+ 36. Qxb6+ Kxb6 37. Rc3 d4 38. Rc5 e4 1-0

[Event "Superettan(Burgsvik-Vaxjo)"]
[Site "?"]
[Date "2019.03.30"]
[Round "8"]
[White "Persson, Mats"]
[Black "Lindahl, Emil"]
[Result "1/2-1/2"]
[WhiteElo "2283"]
[BlackElo "2160"]
[PlyCount "64"]
1. e4 c5 2. Nf3 e6 3. b3 d6 4. Bb2 Nf6 5. e5 dxe5 6. Nxe5 Be7 7. Be2 Nbd7 8.
Nc4 O-O 9. a4 Nd5 10. O-O Bf6 11. Bxf6 Qxf6 12. Nba3 Rd8 13. Bf3 Ne5 14. Nxe5
Qxe5 15. Re1 Qg5 16. Nc4 Rb8 17. Qe2 Bd7 18. Qe5 Qxe5 19. Rxe5 f6 20. Re2 Nf4
21. Ree1 e5 22. g3 Nh3+ 23. Kf1 Ng5 24. Bg2 Bh3 25. f4 Bxg2+ 26. Kxg2 exf4 27.
gxf4 Nf7 28. Re7 Kf8 29. Rc7 Rdc8 30. Rd7 Rd8 31. Rc7 Rdc8 32. Rd7 Rd8 1/2-1/2

[Event "Superettan(Kristallen-Manhem)"]
[Site "?"]
[Date "2019.03.30"]
[Round "8"]
[White "Troedsson, Anton"]
[Black "Gamback, Bjorn"]
[Result "0-1"]
[WhiteElo "1968"]
[BlackElo "2096"]
[PlyCount "108"]
1. Nf3 Nf6 2. b3 d5 3. Bb2 c5 4. g3 Nc6 5. Bg2 e6 6. O-O Be7 7. d4 O-O 8. Nbd2
b6 9. c4 Bb7 10. e3 Rc8 11. Rc1 Nb4 12. Ne5 Nd7 13. Qe2 f6 14. Nxd7 Qxd7 15. a3
Nc6 16. cxd5 exd5 17. dxc5 bxc5 18. Rfd1 Ne5 19. Nc4 Qe6 20. Nxe5 fxe5 21. Qh5
Bf6 22. Bh3 Qe7 23. Bxc8 Rxc8 24. Qg4 Rd8 25. Re1 Bc8 26. Qe2 Be6 27. f4 e4 28.
Bxf6 gxf6 29. Qb5 Rc8 30. Rc2 Qd6 31. Qa5 d4 32. Rd2 d3 33. Qxa7 Bxb3 34. Qb7
Be6 35. Qxe4 c4 36. f5 Bf7 37. Ra1 Rd8 38. Rad1 Qxa3 39. Qc6 Qe7 40. Kf2 Bd5
41. Qb6 Rc8 42. e4 Qxe4 43. Qxf6 Rf8 44. Qg5+ Kh8 45. g4 Qf3+ 46. Kg1 Qh1+ 47.
Kf2 Qxh2+ 48. Kf1 Qh1+ 49. Kf2 Qg2+ 50. Ke3 Qf3+ 51. Kd4 Qe4+ 52. Kc5 Qe5 53.
Rxd3 cxd3 54. Rxd3 Be4+ 0-1

[Event "Superettan(Burgsvik-Vaxjo)"]
[Site "?"]
[Date "2019.03.30"]
[Round "8"]
[White "Olofsson-Dolk, Mattis"]
[Black "Akerman, Axel"]
[Result "0-1"]
[WhiteElo "2172"]
[BlackElo "2157"]
[PlyCount "82"]
1. e4 c5 2. Nf3 d6 3. d4 cxd4 4. Nxd4 Nf6 5. Nc3 g6 6. Be3 Bg7 7. f3 O-O 8. Qd2
Nc6 9. Bc4 Bd7 10. Bb3 Rc8 11. O-O-O Nxd4 12. Bxd4 b5 13. Nd5 Nxd5 14. Bxg7
Kxg7 15. exd5 Kg8 16. h4 a5 17. a3 b4 18. axb4 axb4 19. h5 Qa5 20. Qd4 Bf5 21.
Kd2 Rc5 22. hxg6 Bxg6 23. Ke3 Rfc8 24. g4 Qb5 25. Rd2 Qd7 26. Qf4 Qa7 27. Rd4
Rxc2 28. Bxc2 Rxc2 29. Rh2 b3 30. Rhd2 Qa1 31. Ke2 Rc1 32. Qg3 Bc2 33. f4 Qxb2
34. Qh4 Qa1 35. Rb4 Qc3 36. Rb8+ Kg7 37. Qg5+ Bg6 38. f5 Qe5+ 39. Kf3 Rc3+ 40.
Kf2 Qg3+ 41. Ke2 Qf3+ 0-1

[Event "Superettan(Kristallen-Manhem)"]
[Site "?"]
[Date "2019.03.30"]
[Round "8"]
[White "Subramanian, Aditya"]
[Black "Bengtsson, Jonas"]
[Result "1-0"]
[WhiteElo "2169"]
[BlackElo "2122"]
[PlyCount "55"]
1. d4 Nf6 2. c4 e6 3. Nc3 Bb4 4. Qc2 Nc6 5. Nf3 d6 6. Bd2 O-O 7. a3 Bxc3 8.
Bxc3 Qe7 9. g3 e5 10. d5 Nb8 11. Bg2 a5 12. b3 Nbd7 13. O-O Nb6 14. Bb2 Bd7 15.
Rac1 Rfc8 16. Rfd1 Be8 17. c5 Nbxd5 18. e4 Nxe4 19. Qxe4 Nf6 20. Qxb7 Rab8 21.
cxd6 Qe6 22. Qa7 cxd6 23. Rxc8 Rxc8 24. Qb6 Rc2 25. Rd2 Rc6 26. Qxa5 Qxb3 27.
Qb4 Qe6 28. Ng5 1-0

[Event "Superettan(Burgsvik-Vaxjo)"]
[Site "?"]
[Date "2019.03.30"]
[Round "8"]
[White "Andersson, Bjorn"]
[Black "Sevastianov, Andrii"]
[Result "1/2-1/2"]
[WhiteElo "2162"]
[BlackElo "2112"]
[PlyCount "156"]
1. e4 e5 2. Nf3 Nc6 3. d4 exd4 4. Bb5 a6 5. Ba4 Nf6 6. O-O Be7 7. e5 Ne4 8. Re1
Nc5 9. Bxc6 dxc6 10. Nxd4 Ne6 11. Be3 Nxd4 12. Qxd4 Qxd4 13. Bxd4 c5 14. Be3 c4
15. Nc3 Bb4 16. Nd5 Ba5 17. Red1 c6 18. Nb6 Bxb6 19. Bxb6 O-O 20. Rd6 Bf5 21.
c3 Rfe8 22. f4 g5 23. g3 gxf4 24. gxf4 Re6 25. Kf2 Rg6 26. Rg1 Rxg1 27. Kxg1
Re8 28. Rd4 Be6 29. Kf2 f5 30. exf6 Kf7 31. Bd8 Bd5 32. Be7 Rg8 33. f5 Rg2+ 34.
Ke3 Rxh2 35. Rg4 Ke8 36. Bd6 Rh3+ 37. Kd4 Rf3 38. Bf4 h5 39. Rh4 Bf7 40. Ke5
Rd3 41. Rh2 Rd7 42. Be3 c5 43. Kf4 b6 44. Kg5 Kd8 45. Bf4 Kc8 46. Re2 Kb7 47.
Re6 b5 48. Be3 b4 49. cxb4 cxb4 50. Rb6+ Kc7 51. Rxb4 Rd3 52. Bf4+ Kc6 53. Rb8
Rd5 54. Be3 h4 55. Rb6+ Kd7 56. Rxa6 h3 57. Bf4 Rd2 58. Ra7+ Ke8 59. Re7+ Kf8
60. Bxd2 h2 61. Bb4 Kg8 62. Re1 Bd5 63. Bc3 h1=Q 64. Rxh1 Bxh1 65. Kf4 Kf7 66.
Ke5 Bb7 67. Kd4 Kxf6 68. Kxc4+ Kxf5 69. Kc5 Ke6 70. Kb6 Bd5 71. a4 Kd7 72. b4
Kc8 73. Be5 Bb3 74. a5 Bc4 75. Kc6 Be2 76. Kb6 Bf1 77. a6 Be2 78. Kc5 Bxa6
1/2-1/2

[Event "Superettan(Vasteras II-SodraSASS)"]
[Site "?"]
[Date "2019.03.30"]
[Round "8"]
[White "Furhoff, Johan"]
[Black "Jonsson, Mikael"]
[Result "1-0"]
[WhiteElo "2337"]
[BlackElo "2251"]
[PlyCount "105"]
[EventDate "2019.??.??"]
[SourceDate "2019.04.11"]
1. e4 e5 2. Nf3 Nc6 3. Bb5 a6 4. Ba4 Nf6 5. O-O Be7 6. Qe2 b5 7. Bb3 O-O 8. d4
d6 9. c3 Bg4 10. Rd1 Qe8 11. h3 Bc8 12. Nbd2 Bb7 13. Nf1 exd4 14. cxd4 Na5 15.
Bc2 d5 16. e5 Ne4 17. Ne3 f5 18. exf6 Bxf6 19. Ng4 Nc4 20. Re1 Qf7 21. b3 Ncd6
22. Ba3 Rfe8 23. Nfe5 Bxe5 24. Nxe5 Qf6 25. Rac1 Nf5 26. Bb2 Re7 27. f3 Neg3
28. Qf2 Rae8 29. Ba3 Re6 30. Bxf5 Nxf5 31. Rxc7 Bc8 32. g4 Nh4 33. f4 Ng6 34.
Rf1 Nxe5 35. fxe5 Qxf2+ 36. Rxf2 Rg6 37. Rcf7 Rf6 38. Rxg7+ Kxg7 39. exf6+ Kf7
40. Be7 Be6 41. Kh2 Rc8 42. Bc5 Rc6 43. g5 Kg6 44. h4 Bf7 45. Re2 h6 46. gxh6
Rxf6 47. Bf8 Kh7 48. Bg7 Rf4 49. Re7 Kg8 50. Kg3 Re4 51. Be5 Re2 52. Rxf7 Kxf7
53. h7 1-0

[Event "Superettan(Rockaden,Sthlm II-Alingsas)"]
[Site "?"]
[Date "2019.03.30"]
[Round "8"]
[White "Agrest, Evgenij"]
[Black "Bjerre, Jonas Buhl"]
[Result "1/2-1/2"]
[WhiteElo "2581"]
[BlackElo "2422"]
[PlyCount "89"]
1. Nf3 c5 2. c4 Nc6 3. d4 cxd4 4. Nxd4 Nf6 5. Nc3 e6 6. g3 Qb6 7. Ndb5 Ne5 8.
Bg2 a6 9. Qa4 Rb8 10. Na3 Bc5 11. O-O O-O 12. Qb3 Qxb3 13. axb3 d6 14. Nc2 b5
15. b4 Bb6 16. cxb5 axb5 17. Bg5 Bb7 18. Bxf6 gxf6 19. Nxb5 Bxg2 20. Kxg2 Rfc8
21. Nca3 d5 22. Rfc1 Bd8 23. Na7 Rc7 24. Rxc7 Bxc7 25. Rc1 Bd6 26. b5 Rb7 27.
Nc6 Bxa3 28. bxa3 Rxb5 29. Nxe5 fxe5 30. Ra1 Ra5 31. a4 Kf8 32. Kf3 Ke7 33. h4
f5 34. Ke3 Kd6 35. f4 exf4+ 36. gxf4 e5 37. fxe5+ Kxe5 38. Kd3 Kf4 39. h5 Kg5
40. Kc3 Kxh5 41. Kb4 Ra8 42. a5 Kg4 43. Rg1+ Kf4 44. Rf1+ Kg4 45. Rg1+ 1/2-1/2

[Event "Superettan(Upsala-Kungstornet)"]
[Site "?"]
[Date "2019.03.30"]
[Round "8"]
[White "Cicak, Slavko"]
[Black "Johansson, Jan"]
[Result "0-1"]
[WhiteElo "2491"]
[BlackElo "2344"]
[PlyCount "30"]
1. e4 d6 2. d4 Nf6 3. Nc3 e5 4. Nge2 Be7 5. h3 O-O 6. g4 exd4 7. Nxd4 d5 8. e5
Ne4 9. Nxe4 dxe4 10. Bf4 Bg5 11. Bg3 e3 12. fxe3 Bxe3 13. Nf5 Bxf5 14. gxf5 Nc6
15. c3 Bf4 0-1

[Event "Superettan(Vasteras II-SodraSASS)"]
[Site "?"]
[Date "2019.03.30"]
[Round "8"]
[White "Eriksson, Anders"]
[Black "Winge, Stefan"]
[Result "1-0"]
[WhiteElo "2230"]
[BlackElo "2203"]
[PlyCount "45"]
[EventDate "2019.??.??"]
1. Nf3 d5 2. g3 c6 3. Bg2 Bg4 4. c4 e6 5. Qb3 Qb6 6. Ne5 Bh5 7. g4 Qxb3 8. axb3
Bd6 9. Nxc6 Nxc6 10. gxh5 Nd4 11. Ra4 Nxb3 12. O-O Nf6 13. cxd5 exd5 14. Nc3
O-O 15. Nxd5 Nxh5 16. d3 Nxc1 17. Rxc1 Rfe8 18. Bf3 Re5 19. d4 Rg5+ 20. Kh1 a6
21. Rac4 Rf8 22. Rc8 f6 23. h4 1-0

[Event "Superettan(Rockaden,Sthlm II-Alingsas)"]
[Site "?"]
[Date "2019.03.30"]
[Round "8"]
[White "Berovski, Krum"]
[Black "Agrest, Inna"]
[Result "1-0"]
[WhiteElo "2346"]
[BlackElo "2275"]
[PlyCount "119"]
1. d4 Nf6 2. c4 g6 3. Nc3 Bg7 4. e4 d6 5. Nf3 O-O 6. Be2 Na6 7. O-O e5 8. d5
Nc5 9. Qc2 a5 10. Ne1 Ne8 11. Nd3 f5 12. Nxc5 dxc5 13. exf5 gxf5 14. Be3 Qe7
15. f4 Ra6 16. fxe5 Bxe5 17. Qd2 Rg6 18. Bf4 Bd4+ 19. Kh1 Nd6 20. Bd3 Qg7 21.
Rae1 h5 22. Qc2 h4 23. Rf3 h3 24. Rxh3 Ne4 25. Rf3 Rg4 26. Ref1 Nxc3 27. bxc3
Bxc3 28. Bxc7 Be5 29. Bxe5 Qxe5 30. Qf2 b6 31. h3 Rg5 32. Qe3 Qg7 33. g4 Bd7
34. Bxf5 Re8 35. Qf2 Bxf5 36. gxf5 Qf6 37. Re3 Re5 38. Rxe5 Qxe5 39. Qf4 Qxf4
40. Rxf4 Kf7 41. Rf3 Kf6 42. d6 Rg8 43. Rd3 Kxf5 44. d7 Rd8 45. Kg2 b5 46. cxb5
c4 47. Rd1 c3 48. b6 c2 49. Rc1 Rxd7 50. Rxc2 Rg7+ 51. Kh2 Rb7 52. Rb2 a4 53.
a3 Ke5 54. h4 Kd6 55. Kg3 Kc6 56. Kh3 Kd7 57. h5 Kc6 58. Kh4 Rb8 59. b7 Kc5 60.
h6 1-0

[Event "Superettan(Upsala-Kungstornet)"]
[Site "?"]
[Date "2019.03.30"]
[Round "8"]
[White "Nilsson, Joakim"]
[Black "Lyrberg, Patrik"]
[Result "0-1"]
[WhiteElo "2299"]
[BlackElo "2452"]
[PlyCount "92"]
1. d4 g6 2. Nf3 Bg7 3. c3 f5 4. g3 b6 5. Bg2 Bb7 6. O-O Nf6 7. Nbd2 O-O 8. Nc4
e6 9. a4 a5 10. Bg5 Qc8 11. Bxf6 Bxf6 12. Qd2 d6 13. Rfe1 Nd7 14. Ng5 Bxg2 15.
Kxg2 Qb7+ 16. f3 Rae8 17. Nh3 d5 18. Na3 e5 19. e3 Be7 20. Nc2 Bd6 21. Rad1 e4
22. f4 b5 23. axb5 Qxb5 24. Ra1 Nb6 25. Reb1 Nc4 26. Qc1 Qb3 27. Kf2 Rb8 28.
Ng1 a4 29. Ne2 Nxb2 30. Kf1 a3 31. Nb4 Rb6 32. h3 c6 33. g4 Bxb4 34. cxb4 Qxb4
35. gxf5 Rxf5 36. Qc5 Qxc5 37. dxc5 Rb3 38. Nd4 Rxe3 39. Nxf5 gxf5 40. Kf2 Rf3+
41. Kg2 d4 42. Kh2 Kf7 43. Rg1 Rc3 44. Rg5 Ke6 45. Rg8 d3 46. Re8+ Kd7 0-1

[Event "Superettan(Rockaden,Sthlm II-Manhem)"]
[Site "?"]
[Date "2019.03.29"]
[Round "7"]
[White "Storme, Isak"]
[Black "Kenneskog, Theodor"]
[Result "1/2-1/2"]
[WhiteElo "2271"]
[BlackElo "2330"]
[PlyCount "76"]
1. Nf3 c5 2. e3 Nf6 3. c4 g6 4. b3 Bg7 5. Bb2 O-O 6. Be2 Nc6 7. O-O d6 8. d4
cxd4 9. Nxd4 Bd7 10. Nc3 Rc8 11. Rc1 h5 12. Qd2 Nxd4 13. Qxd4 Bc6 14. Qd2 Qa5
15. Rfd1 Qg5 16. Bf1 Bf3 17. Re1 Ng4 18. h3 Be5 19. g3 Nf6 20. Bg2 Bxg2 21.
Kxg2 h4 22. Qe2 Bxc3 23. Bxc3 hxg3 24. h4 Qxh4 25. Rh1 Qe4+ 26. f3 Qe6 27. Kxg3
Kg7 28. f4 Rh8 29. Qf3 b6 30. a4 Rh7 31. Rxh7+ Kxh7 32. Rh1+ Nh5+ 33. Kf2 Rc5
34. Bd4 Ra5 35. Bc3 Rc5 36. Bd4 Ra5 37. Bc3 Rc5 38. Bd4 Ra5 1/2-1/2

[Event "Superettan(Vaxjo-Kristallen)"]
[Site "?"]
[Date "2019.03.29"]
[Round "7"]
[White "Andersson, Goran L"]
[Black "Lindberg, Bengt"]
[Result "1/2-1/2"]
[WhiteElo "2249"]
[BlackElo "2390"]
[PlyCount "114"]
1. d4 Nf6 2. Nf3 e6 3. Bf4 c5 4. e3 cxd4 5. exd4 b6 6. Nbd2 Be7 7. Bd3 O-O 8.
O-O Ba6 9. Nc4 d5 10. Nce5 Qc8 11. a4 h6 12. Re1 Bxd3 13. Qxd3 a6 14. g4 Nh7
15. h4 Nd7 16. Nxd7 Qxd7 17. g5 hxg5 18. hxg5 Bd6 19. Qe3 e5 20. Nxe5 Qf5 21.
Nd3 Rad8 22. Kg2 Qg6 23. Qg3 Bxf4 24. Nxf4 Qxc2 25. Re7 Rfe8 26. Rae1 Rxe7 27.
Rxe7 Nf8 28. g6 fxg6 29. Qe3 Qf5 30. Re5 Qf7 31. Nh3 Nh7 32. Ng5 Nxg5 33. Qxg5
Rf8 34. f4 Qxf4 35. Qxf4 Rxf4 36. Rxd5 Rf6 37. Rd7 Kf8 38. Kg3 a5 39. d5 Ke8
40. Rxg7 Kd8 41. b3 Kc8 42. Kg4 Kb8 43. Kg3 Rf1 44. Kg2 Rb1 45. Kf3 Rxb3+ 46.
Ke4 Rb4+ 47. Ke5 Rxa4 48. Rxg6 Ra1 49. d6 Rd1 50. Ke6 Re1+ 51. Kd5 Kc8 52. Rg8+
Kd7 53. Rg7+ Kd8 54. Kc6 Rc1+ 55. Kxb6 a4 56. Ra7 Rb1+ 57. Kc6 Rc1+ 1/2-1/2

[Event "Superettan(Rockaden,Sthlm II-Manhem)"]
[Site "?"]
[Date "2019.03.29"]
[Round "7"]
[White "Engqvist, Thomas"]
[Black "Boe, Mads"]
[Result "1/2-1/2"]
[WhiteElo "2324"]
[BlackElo "2302"]
[PlyCount "155"]
1. e4 c6 2. d4 d5 3. Nd2 dxe4 4. Nxe4 Bf5 5. Nc5 e5 6. Nxb7 Qb6 7. Nc5 exd4 8.
Nb3 c5 9. Nf3 Nf6 10. Bd3 Qe6+ 11. Be2 Be7 12. O-O O-O 13. Re1 Qb6 14. Ne5 Nbd7
15. Nc4 Qc7 16. Bd3 Bxd3 17. Qxd3 Bd6 18. h3 Rfe8 19. Bd2 Bf4 20. Ba5 Qc6 21.
Rxe8+ Rxe8 22. Re1 Rxe1+ 23. Bxe1 Qe6 24. Kf1 Qd5 25. Ba5 Qe6 26. Qe2 Ne4 27.
Kg1 f5 28. f3 Ng5 29. Qxe6+ Nxe6 30. Kf2 Kf7 31. g3 Bc7 32. Bxc7 Nxc7 33. Ke2
Ke6 34. c3 dxc3 35. bxc3 g6 36. Kd3 Kd5 37. Nba5 Nb6 38. Ne3+ Kd6 39. f4 Ne8
40. g4 fxg4 41. hxg4 Nf6 42. c4 h5 43. g5 Nfd7 44. Ng2 Nc8 45. Nh4 Ne7 46. Ke4
Ke6 47. Nb7 Kf7 48. Nd6+ Ke6 49. Nb7 Kf7 50. Nd6+ Ke6 51. Nb5 Nb6 52. Nxg6 Nxg6
53. f5+ Kf7 54. Nd6+ Kg7 55. fxg6 Kxg6 56. Kf4 h4 57. Kg4 h3 58. Kxh3 Kxg5 59.
Kg3 Kf6 60. Kf4 Ke6 61. Nb7 Nxc4 62. Nxc5+ Kd5 63. Nb3 Nd6 64. Ke3 Kc4 65. Kd2
Kb4 66. Kc2 Ka3 67. Na5 Nb5 68. Kb1 a6 69. Nc4+ Kb4 70. Ne5 Kc3 71. Nc6 Na3+
72. Kc1 Nc4 73. Kb1 Kd2 74. a4 Kc3 75. Ka2 Nb6 76. a5 Nc4 77. Nb8 Nxa5 78. Nxa6
1/2-1/2

[Event "Superettan(Vaxjo-Kristallen)"]
[Site "?"]
[Date "2019.03.29"]
[Round "7"]
[White "Rydstrom, Tom"]
[Black "Hansson, Fredrik"]
[Result "1-0"]
[WhiteElo "2310"]
[BlackElo "2178"]
[PlyCount "47"]
1. e4 e5 2. Nf3 Nc6 3. Bb5 a6 4. Ba4 Nf6 5. d3 d6 6. c3 g6 7. O-O Bg7 8. Re1
O-O 9. Nbd2 b5 10. Bb3 Na5 11. Bc2 c5 12. Nf1 h6 13. Ng3 Nc6 14. a4 b4 15. h3
Rb8 16. Be3 Kh7 17. d4 bxc3 18. bxc3 cxd4 19. cxd4 Qe7 20. Rc1 Rd8 21. Bb1 Nb4
22. a5 Qe8 23. Qd2 Nd7 24. Rc4 1-0

[Event "Superettan(Rockaden,Sthlm II-Manhem)"]
[Site "?"]
[Date "2019.03.29"]
[Round "7"]
[White "Lundstrom, Mattias"]
[Black "Zadruzny, Nicolaj"]
[Result "0-1"]
[WhiteElo "2160"]
[BlackElo "2283"]
[PlyCount "62"]
1. e4 e5 2. Nf3 Nc6 3. Bc4 Nf6 4. d3 Be7 5. O-O O-O 6. Re1 d6 7. c3 Na5 8. Bb5
a6 9. Ba4 b5 10. Bc2 c5 11. Nbd2 Nc6 12. Nf1 Re8 13. Ng3 h6 14. h3 d5 15. a4
Be6 16. axb5 axb5 17. Rxa8 Qxa8 18. d4 cxd4 19. cxd4 dxe4 20. Nxe5 Bd5 21. Nf5
Bb4 22. Bd2 Bxd2 23. Qxd2 Nxe5 24. dxe5 Rxe5 25. Qf4 Re6 26. Qg3 Ne8 27. Bb3
Bxb3 28. Qxb3 Re5 29. g4 Qd8 30. Rd1 Qg5 31. Rd7 Rxf5 0-1

[Event "Superettan(Vaxjo-Kristallen)"]
[Site "?"]
[Date "2019.03.29"]
[Round "7"]
[White "Naslund, Mikael"]
[Black "Alle Wahlin, Ambjorn"]
[Result "0-1"]
[WhiteElo "2188"]
[BlackElo "2231"]
[PlyCount "106"]
1. d4 d6 2. Nf3 f5 3. g3 Nf6 4. Bg2 g6 5. O-O Bg7 6. Nc3 O-O 7. Qd3 d5 8. Bf4
c6 9. Na4 Kh8 10. b3 b6 11. c4 Ba6 12. Rac1 e6 13. Qe3 Ne4 14. cxd5 exd5 15.
Bxb8 Rxb8 16. Rxc6 Re8 17. Ne5 Rxe5 18. dxe5 d4 19. Qf4 Bxe2 20. e6 Bxf1 21.
Bxf1 Ra8 22. Qc7 Bf6 23. Nb2 Nc5 24. Qf7 Be7 25. h4 Ne4 26. Bg2 Rb8 27. Nd3 Nd6
28. Ne5 d3 29. Nxg6+ hxg6 30. Qxg6 Qg8 31. Qh6+ Qh7 32. Qf4 Rd8 33. Qd4+ Qg7
34. Qxd3 Qf6 35. Qe2 Kg7 36. Rc7 a5 37. Rd7 Rxd7 38. exd7 Nf7 39. Qd3 Ne5 40.
Qc2 Nxd7 41. Bh3 Kg6 42. Qd1 Ne5 43. Qd5 Bc5 44. Kf1 Ng4 45. Kg2 Nxf2 46. Qg8+
Kh6 47. Bxf5 Qxf5 48. Qh8+ Kg6 49. Qg8+ Kf6 50. Qd8+ Ke5 51. Qc7+ Ke4 52. Qc6+
Ke3 53. Qh6+ Ke2 0-1